000 00787nam a2200241 i 4500
003 DO-SdBNP
005 20230801134108.0
007 ta
008 100303s2015 dr oa 000 0 spa d
040 _aDO-SdBNP
_bspa
_cBNPHU
_erda
082 _axxx
_bS474c
100 _aSención Silverio, Lorenzo,
_d1937-
_975574
245 1 0 _aConsideraciones generales sobre el asalto al hotel Matum /
_cLorenzo Sención Silverio
264 _aSanto Domingo :
_bUASD,
_c2015.
300 _a32 páginas
_bfotografías
_c21 cm.
336 _2rdacontent
_atexto
_btxt
337 _2rdamedia
_asin medición
_bn
338 _2rdacarrier
_avolumen
_bnc
500 _aIncluye datos biográficos del autor en la contraportada.
590 _aInventariado 2023/ YL
910 _aYLockward
942 _2ddc
_cLF2
999 _c54286
_d54286